[Event "Heart of Finland op 31st"]
[Site "Jyvaskyla"]
[Date "2023.07.20"]
[Round "5"]
[White "Nevanlinna, Risto"]
[Black "Marjusaari, Eero"]
[Result "1-0"]
[WhiteElo "2208"]
[BlackElo "2007"]
[PlyCount "88"]
[EventDate "2023.07.17"]
[EventType "swiss"]
[EventRounds "9"]
[EventCountry "FIN"]
[SourceTitle "CBM 215 Extra"]
[Source "ChessBase"]
[SourceDate "2023.09.30"]
[SourceVersion "1"]
[SourceVersionDate "2023.09.30"]
[SourceQuality "1"]

1. e4 c5 2. Nf3 Nc6 3. Bb5 g6 4. Bxc6 dxc6 5. d3 Bg7 6. 0-0 Bg4 7. h3 Bxf3 8. Qxf3 Nf6 9. Nc3 0-0 10. Be3 Nd7 11. Qe2 b5 12. a3 Qc7 13. f4 Bd4 14. Qf2 Qb6 15. Nd1 b4 16. axb4 Bxe3 17. Nxe3 cxb4 18. Nc4 Qxf2+ 19. Kxf2 b3 20. c3 Nc5 21. Ke3 f5 22. e5 Rfd8 23. d4 Ne4 24. Ra3 c5 25. d5 Rab8 26. Rd1 Rd7 27. Na5 c4 28. Nxc4 Rb5 29. Ra5 Rb8 30. Nd2 Nxd2 31. Rxd2 Rc7 32. d6 exd6 33. exd6 Rd7 34. c4 Re8+ 35. Re5 Rc8 36. c5 a5 37. Kd4 Rb7 38. Rde2 a4 39. Re7 Rb4+ 40. Kd5 a3 41. d7 Rf8 42. Re8 Rb8 43. Rxb8 Rxb8 44. Re8+ Kf7 1-0

[Event "Heart of Finland op 31st"]
[Site "Jyvaskyla"]
[Date "2023.07.19"]
[Round "4"]
[White "Elomaa, Arto"]
[Black "Nevanlinna, Risto"]
[Result "1-0"]
[WhiteElo "2149"]
[BlackElo "2208"]
[PlyCount "93"]
[EventDate "2023.07.17"]
[EventType "swiss"]
[EventRounds "9"]
[EventCountry "FIN"]
[SourceTitle "CBM 215 Extra"]
[Source "ChessBase"]
[SourceDate "2023.09.30"]
[SourceVersion "1"]
[SourceVersionDate "2023.09.30"]
[SourceQuality "1"]

1. Nf3 Nf6 2. c4 e6 3. g3 c5 4. Bg2 Nc6 5. 0-0 Be7 6. Nc3 a6 7. d4 cxd4 8. Nxd4 0-0 9. b3 Nxd4 10. Qxd4 d6 11. Rd1 Qc7 12. Ba3 Qa5 13. Bb2 Rb8 14. Qd2 Qh5 15. Ne4 Nxe4 16. Bxe4 b5 17. Bf3 Qg6 18. Rac1 Bb7 19. Bxb7 Rxb7 20. Ba3 bxc4 21. bxc4 d5 22. Bxe7 Rxe7 23. cxd5 exd5 24. e3 Rd7 25. Qa5 h6 26. Rxd5 Rxd5 27. Qxd5 Rb8 28. a4 Rb1 29. Rxb1 Qxb1+ 30. Kg2 Qc2 31. Qa8+ Kh7 32. Qxa6 Qe4+ 33. Kg1 f5 34. h4 Qb1+ 35. Qf1 Qc2 36. Qb5 g5 37. Qd7+ Kg6 38. Qe8+ Kf6 39. hxg5+ hxg5 40. Qh8+ Kg6 41. Qd4 Qb1+ 42. Kg2 Qb7+ 43. Kh2 Qf3 44. Kg1 Qe2 45. Qd5 g4 46. a5 Kg5 47. e4 1-0

[Event "FIN-chT 2223"]
[Site "Finland"]
[Date "2023.04.02"]
[Round "11.4"]
[White "Niemi, Mikko"]
[Black "Nevanlinna, Risto"]
[Result "0-1"]
[WhiteElo "2297"]
[BlackElo "2234"]
[PlyCount "166"]
[EventDate "2022.09.24"]
[EventType "team-tourn"]
[EventRounds "11"]
[EventCountry "FIN"]
[SourceTitle "EXT 2024"]
[Source "ChessBase"]
[SourceDate "2023.10.10"]
[SourceVersion "1"]
[SourceVersionDate "2023.10.10"]
[SourceQuality "1"]
[WhiteTeam "Vammala SK"]
[BlackTeam "Jyvaskyla JyS"]
[WhiteTeamCountry "FIN"]
[BlackTeamCountry "FIN"]

1. c4 c5 2. g3 Nc6 3. Bg2 g6 4. Nc3 Bg7 5. Nf3 d6 6. a3 e6 7. b4 Nge7 8. Rb1 b6 9. 0-0 Bb7 10. Qb3 0-0 11. d3 Qd7 12. Bb2 Rac8 13. Rfd1 h6 14. e3 e5 15. Ne2 Kh7 16. Bc3 Qc7 17. Qb2 Rb8 18. Nd2 Nd8 19. Bxb7 Rxb7 20. f4 Nf5 21. Kf2 Re8 22. Ne4 Qe7 23. fxe5 dxe5 24. bxc5 bxc5 25. Qc2 Rc7 26. Rb5 Ne6 27. Ba5 Rd7 28. Qd2 Nd6 29. Nxd6 Qxd6 30. Nc3 f5 31. Nd5 f4 32. Bc3 Rf7 33. Kg2 Ref8 34. Rbb1 fxg3 35. hxg3 Ng5 36. Rh1 Qe6 37. Qe2 Rf3 38. Be1 Qg4 39. Rb2 e4 40. Rh4 Qf5 41. dxe4 Nxe4 42. Rb7 Ng5 43. Re7 Rf7 44. Rxf7 Qxf7 45. Rf4 Rxf4 46. exf4 Ne6 47. Qe4 h5 48. Bf2 Bd4 49. Be3 Bxe3 50. Nxe3 Nd4 51. Nd5 Qe6 52. Qxe6 Nxe6 53. Kf3 Kg7 54. Ke4 Nd4 55. Nc3 Kf6 56. Kd5 Nb3 57. Ne4+ Kf5 58. Nxc5 Na5 59. a4 Kg4 60. Ne4 Kf3 61. c5 a6 62. Nd2+ Kxg3 63. Nc4 h4 64. Nxa5 h3 65. c6 h2 66. c7 h1Q+ 67. Kd6 Qd1+ 68. Ke7 Qe1+ 69. Kd6 Qb4+ 70. Kd7 Qxa5 71. c8Q Qxa4+ 72. Ke7 Kxf4 73. Kf6 a5 74. Qc1+ Ke4 75. Qe1+ Kd3 76. Qf1+ Kc2 77. Qe2+ Kb1 78. Qe1+ Kb2 79. Qe5+ Ka2 80. Qd5+ Kb1 81. Qd3+ Qc2 82. Qf1+ Ka2 83. Qf3 Qf5+ 0-1

[Event "FIN-chT 2223"]
[Site "Finland"]
[Date "2023.04.01"]
[Round "10.4"]
[White "Nevanlinna, Risto"]
[Black "Makinen, Ville"]
[Result "1-0"]
[WhiteElo "2234"]
[BlackElo "1997"]
[PlyCount "73"]
[EventDate "2022.09.24"]
[EventType "team-tourn"]
[EventRounds "11"]
[EventCountry "FIN"]
[SourceTitle "EXT 2024"]
[Source "ChessBase"]
[SourceDate "2023.10.10"]
[SourceVersion "1"]
[SourceVersionDate "2023.10.10"]
[SourceQuality "1"]
[WhiteTeam "Jyvaskyla JyS"]
[BlackTeam "Helsinki HSK"]
[WhiteTeamCountry "FIN"]
[BlackTeamCountry "FIN"]

1. e4 c5 2. Nc3 e6 3. Nf3 a6 4. b3 b5 5. Bb2 Bb7 6. d3 Nc6 7. g3 Qc7 8. Bg2 Nf6 9. 0-0 Be7 10. Re1 d6 11. d4 cxd4 12. Nxd4 0-0 13. Nxc6 Bxc6 14. Qd4 Qb7 15. Rad1 Rfd8 16. h3 Rac8 17. Qe3 Bf8 18. Kh2 d5 19. e5 Nd7 20. Qf4 b4 21. Ne2 Bb5 22. Nd4 a5 23. h4 Ba6 24. h5 h6 25. Qg4 Bc5 26. Nxe6 fxe6 27. Qxe6+ Kh8 28. Rxd5 Qb6 29. Qg4 Bf8 30. Rxd7 Rxd7 31. Qxd7 Qxf2 32. Rg1 Rxc2 33. Bd4 Qe2 34. Qf7 Be7 35. e6 Qg4 36. Qxe7 Qxd4 37. Qe8+ 1-0

[Event "FIN-chT 2022"]
[Site "Finland"]
[Date "2022.04.09"]
[Round "4.4"]
[White "Papula, Niko"]
[Black "Nevanlinna, Risto"]
[Result "0-1"]
[WhiteElo "1895"]
[BlackElo "2222"]
[PlyCount "66"]
[EventDate "2020.09.12"]
[EventType "team-tourn"]
[EventRounds "11"]
[EventCountry "FIN"]
[SourceTitle "EXT 2023"]
[Source "ChessBase"]
[SourceDate "2022.10.05"]
[SourceVersion "1"]
[SourceVersionDate "2022.10.05"]
[SourceQuality "1"]
[WhiteTeam "Helsinki Ninja"]
[BlackTeam "Jyvaskyla JyS"]
[WhiteTeamCountry "FIN"]
[BlackTeamCountry "FIN"]

1. c4 Nf6 2. g3 c6 3. Bg2 d5 4. cxd5 cxd5 5. d4 Nc6 6. Nc3 Bf5 7. a3 e6 8. Nf3 h6 9. 0-0 Bd6 10. e3 0-0 11. Re1 Rc8 12. Bf1 Ne4 13. Nxe4 Bxe4 14. Bd3 f5 15. Qe2 a6 16. Nd2 Qg5 17. f4 Bxd3 18. Qxd3 Qh5 19. Kg2 Nb8 20. Nf3 Nd7 21. Bd2 Rc7 22. Rec1 Rfc8 23. Rxc7 Rxc7 24. Rc1 Rxc1 25. Bxc1 Nf6 26. Qb3 Qf7 27. Bd2 Qd7 28. Qd3 Qa4 29. Bc3 Ne4 30. Kf1 Bxa3 31. bxa3 Qxa3 32. Qb1 Qxc3 33. Qxb7 Qxe3 0-1

[Event "FIN-chT 2022"]
[Site "Finland"]
[Date "2022.03.20"]
[Round "9.4"]
[White "Nevanlinna, Risto"]
[Black "Pitkaaho, Aki"]
[Result "1-0"]
[WhiteElo "2222"]
[BlackElo "2188"]
[PlyCount "81"]
[EventDate "2020.09.12"]
[EventType "team-tourn"]
[EventRounds "11"]
[EventCountry "FIN"]
[SourceTitle "EXT 2023"]
[Source "ChessBase"]
[SourceDate "2022.10.05"]
[SourceVersion "1"]
[SourceVersionDate "2022.10.05"]
[SourceQuality "1"]
[WhiteTeam "Jyvaskyla JyS"]
[BlackTeam "Sastamala VammSK II"]
[WhiteTeamCountry "FIN"]
[BlackTeamCountry "FIN"]

1. e4 e6 2. d4 d5 3. Nc3 Nf6 4. Bg5 Be7 5. e5 Nfd7 6. Bxe7 Qxe7 7. f4 0-0 8. Nf3 c5 9. dxc5 Nc6 10. Qd2 Nxc5 11. 0-0-0 a6 12. Bd3 b5 13. Qf2 Nxd3+ 14. Rxd3 b4 15. Ne2 a5 16. Nfd4 Nxd4 17. Nxd4 Ba6 18. Rd2 Rfc8 19. f5 a4 20. f6 Qf8 21. Re1 b3 22. a3 bxc2 23. Re3 g6 24. Rh3 Rab8 25. Rxc2 Rxc2+ 26. Kxc2 Rc8+ 27. Kb1 h5 28. Qd2 Kh7 29. g4 Qh6 30. Qxh6+ Kxh6 31. gxh5 g5 32. Rc3 Rxc3 33. bxc3 Bd3+ 34. Kc1 Kxh5 35. Nxe6 Kh4 36. Nc7 Bg6 37. Nxd5 Kh3 38. Ne3 Kxh2 39. c4 Kg3 40. c5 Kf4 41. e6 1-0

[Event "FIN-chT 2022"]
[Site "Finland"]
[Date "2021.11.27"]
[Round "11.4"]
[White "Hallenberg, Sami"]
[Black "Nevanlinna, Risto"]
[Result "1/2-1/2"]
[WhiteElo "2131"]
[BlackElo "2222"]
[PlyCount "124"]
[EventDate "2020.09.12"]
[EventType "team-tourn"]
[EventRounds "11"]
[EventCountry "FIN"]
[SourceTitle "EXT 2023"]
[Source "ChessBase"]
[SourceDate "2022.10.05"]
[SourceVersion "1"]
[SourceVersionDate "2022.10.05"]
[SourceQuality "1"]
[WhiteTeam "Vantaa EtVaS"]
[BlackTeam "Jyvaskyla JyS"]
[WhiteTeamCountry "FIN"]
[BlackTeamCountry "FIN"]

1. e4 Nc6 2. d4 d5 3. Nc3 dxe4 4. d5 Nb8 5. Bg5 h6 6. Bh4 g5 7. Qd4 Nf6 8. Bg3 Bg7 9. 0-0-0 0-0 10. Nxe4 Bf5 11. Nxf6+ Bxf6 12. Be5 Nd7 13. Bxf6 Nxf6 14. h4 Qd6 15. hxg5 hxg5 16. Bd3 Bxd3 17. Qxd3 Qf4+ 18. Kb1 Kg7 19. Nh3 Qe4 20. Qg3 Qg6 21. Nxg5 Rh8 22. Qe5 Rae8 23. Rxh8 Rxh8 24. f4 Rh2 25. Qxe7 Nxd5 26. Qe5+ Nf6 27. Qxc7 Rxg2 28. a3 b5 29. Rd8 Ne4 30. Qe5+ Nf6 31. Qc5 Nh7 32. Qc8 Nf6 33. Rf8 Rxc2 34. Rxf7+ Qxf7 35. Qxc2 Qe7 36. Qf5 Qe1+ 37. Ka2 Qe2 38. Qe6 Qc4+ 39. Qxc4 bxc4 40. Nf3 Kg6 41. Ne5+ Kf5 42. Nxc4 Kxf4 43. Kb3 Ke4 44. Nd6+ Kd3 45. Nb5 a6 46. Nc7 a5 47. Ne6 Ne4 48. Ka4 Kc2 49. b4 axb4 50. axb4 Nc3+ 51. Ka5 Kb3 52. Nc5+ Kc4 53. Na4 Ne4 54. b5 Nd6 55. b6 Kd5 56. Ka6 Kc6 57. Nc3 Kd7 58. Nb5 Ne4 59. Ka7 Nc5 60. Nc7 Kc8 61. Ka8 Kd7 62. b7 Nxb7 1/2-1/2

[Event "FIN-chT 2022"]
[Site "Finland"]
[Date "2020.09.12"]
[Round "1.4"]
[White "Nevanlinna, Risto"]
[Black "Ponnio, Toni"]
[Result "1-0"]
[WhiteElo "2222"]
[BlackElo "2158"]
[PlyCount "103"]
[EventDate "2020.09.12"]
[EventType "team-tourn"]
[EventRounds "11"]
[EventCountry "FIN"]
[SourceTitle "EXT 2023"]
[Source "ChessBase"]
[SourceDate "2022.10.05"]
[SourceVersion "1"]
[SourceVersionDate "2022.10.05"]
[SourceQuality "1"]
[WhiteTeam "Jyvaskyla JyS"]
[BlackTeam "Tampere Tammer"]
[WhiteTeamCountry "FIN"]
[BlackTeamCountry "FIN"]

1. e4 c6 2. Nc3 d5 3. Nf3 dxe4 4. Nxe4 Nf6 5. Qe2 Nxe4 6. Qxe4 Nd7 7. Bc4 Nf6 8. Ne5 e6 9. Qe2 b5 10. Bb3 Qc7 11. d4 Bd6 12. 0-0 0-0 13. Bf4 Bb7 14. Rad1 Nd5 15. Bg3 Rae8 16. c3 f6 17. Nd3 Kh8 18. Bxd6 Qxd6 19. f4 a5 20. Bc2 b4 21. c4 Nb6 22. Nc5 Bc8 23. Ne4 Qe7 24. c5 Nd5 25. Nd6 Rd8 26. Rde1 Rxd6 27. cxd6 Qxd6 28. Qe4 g6 29. h4 Ne7 30. g4 Rg8 31. Bb3 Nf5 32. Bxe6 Bxe6 33. Qxe6 Qxd4+ 34. Kh2 Nxh4 35. Kh3 Qxb2 36. Rf2 Qc3+ 37. Re3 Qa1 38. Kxh4 h5 39. Kg3 Qg1+ 40. Rg2 h4+ 41. Kf3 Qd1+ 42. Ree2 Qf1+ 43. Ref2 Qd1+ 44. Qe2 Qd5+ 45. Qe4 Qd1+ 46. Re2 Qf1+ 47. Ke3 Qc1+ 48. Kf2 Rd8 49. g5 Qc5+ 50. Qe3 Qf5 51. gxf6 Qb5 52. Rxg6 1-0

[Event "FIN-chT 1920"]
[Site "Finland"]
[Date "2019.11.23"]
[Round "5.6"]
[White "Nevanlinna, Risto"]
[Black "Lehtivaara, Risto"]
[Result "0-1"]
[WhiteElo "2221"]
[BlackElo "2104"]
[PlyCount "72"]
[EventDate "2019.09.14"]
[EventType "team-tourn"]
[EventRounds "11"]
[EventCountry "FIN"]
[SourceTitle "EXT 2022"]
[Source "ChessBase"]
[SourceDate "2021.10.06"]
[SourceVersion "1"]
[SourceVersionDate "2021.10.06"]
[SourceQuality "1"]
[WhiteTeam "Jyvaskyla JyS"]
[BlackTeam "Espoo MatSK II"]
[WhiteTeamCountry "FIN"]
[BlackTeamCountry "FIN"]

1. d4 d5 2. Nc3 f5 3. Bf4 e6 4. e3 c6 5. Bd3 Nf6 6. h3 Bd6 7. Bxd6 Qxd6 8. Nf3 b6 9. g4 Ne4 10. Ne5 Nd7 11. f4 Nxe5 12. fxe5 Qb4 13. a3 Qe7 14. Nxe4 fxe4 15. Be2 0-0 16. Kd2 a5 17. Rf1 Bb7 18. Rxf8+ Rxf8 19. Qg1 Qh4 20. Qh1 Rf2 21. Rf1 Ba6 22. Rxf2 Qxf2 23. Qe1 Qh2 24. h4 Bxe2 25. Qxe2 Qxh4 26. Qa6 Qxg4 27. Qxb6 h5 28. Qxc6 h4 29. c4 h3 30. cxd5 h2 31. dxe6 h1Q 32. Qe8+ Kh7 33. d5 Qgg2+ 34. Kc3 Qc1+ 35. Kd4 Qgd2+ 36. Kxe4 Qxe3+ 0-1

[Event "FIN-chT 1920"]
[Site "Finland"]
[Date "2019.10.20"]
[Round "4.4"]
[White "Pulkkinen, Kari"]
[Black "Nevanlinna, Risto"]
[Result "1/2-1/2"]
[WhiteElo "2255"]
[BlackElo "2221"]
[PlyCount "64"]
[EventDate "2019.09.14"]
[EventType "team-tourn"]
[EventRounds "11"]
[EventCountry "FIN"]
[SourceTitle "EXT 2022"]
[Source "ChessBase"]
[SourceDate "2021.10.06"]
[SourceVersion "1"]
[SourceVersionDate "2021.10.06"]
[SourceQuality "1"]
[WhiteTeam "Helsinki Aatos"]
[BlackTeam "Jyvaskyla JyS"]
[WhiteTeamCountry "FIN"]
[BlackTeamCountry "FIN"]

1. e4 c5 2. Nf3 g6 3. d4 cxd4 4. Nxd4 Nc6 5. c4 Bg7 6. Be3 Nf6 7. Nc3 Ng4 8. Qxg4 Nxd4 9. Qd1 e5 10. Bd3 d6 11. 0-0 0-0 12. Qd2 Be6 13. Ne2 Nxe2+ 14. Bxe2 a6 15. Rfd1 Rc8 16. b3 Rc6 17. c5 Qb8 18. cxd6 Rd8 19. Qb4 Rcxd6 20. Rxd6 Rxd6 21. Rc1 b5 22. Bc5 Rc6 23. Be3 Rxc1+ 24. Bxc1 Qc7 25. Be3 h5 26. Qc5 Qxc5 27. Bxc5 Bf8 28. Bb6 Ba3 29. Bd8 Kg7 30. Kf1 f5 31. Bd3 Kf7 32. Ke2 Bd6 1/2-1/2

[Event "Heart of Finland op 29th"]
[Site "Jyvaskyla"]
[Date "2019.07.16"]
[Round "2"]
[White "Nevanlinna, Risto"]
[Black "Pessi, Juha"]
[Result "1/2-1/2"]
[WhiteElo "2277"]
[BlackElo "2058"]
[PlyCount "37"]
[EventDate "2019.07.15"]
[EventType "swiss"]
[EventRounds "9"]
[EventCountry "FIN"]
[SourceTitle "CBM 191 Extra"]
[Source "ChessBase"]
[SourceDate "2019.09.30"]
[SourceVersion "1"]
[SourceVersionDate "2019.09.30"]
[SourceQuality "1"]

1. d4 f5 2. g3 Nf6 3. Bg2 e6 4. c4 d6 5. Nf3 Be7 6. 0-0 0-0 7. Nc3 Qe8 8. Re1 Qg6 9. e4 Nxe4 10. Nxe4 fxe4 11. Rxe4 Bf6 12. Re1 Nc6 13. Bf4 Qf5 14. Qd2 h6 15. d5 Nd8 16. Rad1 e5 17. Be3 Qh5 18. h4 Bg4 19. Nh2 1/2-1/2

[Event "Kuopio KSY op-A"]
[Site "Kuopio"]
[Date "2019.04.27"]
[Round "3"]
[White "Nevanlinna, Risto"]
[Black "Ronka, Erik"]
[Result "1/2-1/2"]
[WhiteElo "2257"]
[BlackElo "2306"]
[PlyCount "20"]
[EventDate "2019.04.27"]
[EventType "swiss"]
[EventRounds "5"]
[EventCountry "FIN"]
[SourceTitle "EXT 2021"]
[Source "ChessBase"]
[SourceDate "2020.10.23"]
[SourceVersion "1"]
[SourceVersionDate "2020.10.23"]
[SourceQuality "1"]

1. e4 e6 2. d4 d5 3. exd5 exd5 4. Bd3 Bd6 5. Nf3 Nf6 6. 0-0 0-0 7. Bg5 Bg4 8. c3 c6 9. Nbd2 Nbd7 10. Qc2 Qc7 1/2-1/2

[Event "FIN-chT 1819"]
[Site "Finland"]
[Date "2019.04.07"]
[Round "11.5"]
[White "Tommiska, Matti"]
[Black "Nevanlinna, Risto"]
[Result "0-1"]
[WhiteElo "2221"]
[BlackElo "2205"]
[PlyCount "112"]
[EventDate "2018.09.15"]
[EventType "team-tourn"]
[EventRounds "11"]
[EventCountry "FIN"]
[SourceTitle "CBM 189 Extra"]
[Source "ChessBase"]
[SourceDate "2019.06.03"]
[SourceVersion "1"]
[SourceVersionDate "2019.06.03"]
[SourceQuality "1"]
[WhiteTeam "Vantaa EtVaS"]
[BlackTeam "Jyvaskyla JyS"]
[WhiteTeamCountry "FIN"]
[BlackTeamCountry "FIN"]

1. e4 g6 2. d4 Bg7 3. Nf3 c6 4. c4 d5 5. exd5 cxd5 6. Qb3 Nf6 7. Nc3 0-0 8. cxd5 Nbd7 9. Bf4 Nb6 10. d6 exd6 11. Be2 Be6 12. Qb4 Nbd5 13. Qxd6 Re8 14. Qxd8 Raxd8 15. Be5 Bg4 16. 0-0 Nxc3 17. bxc3 Nd5 18. Bb5 Re6 19. Bxg7 Bxf3 20. gxf3 Kxg7 21. Bc4 Rc6 22. Bxd5 Rxd5 23. Rac1 Rg5+ 24. Kh1 Rf6 25. f4 Rxf4 26. f3 Kf6 27. Rce1 Ra5 28. Re2 Ra3 29. Rc2 Ke6 30. Kg2 Kd5 31. Re1 Kc4 32. Re3 Rf5 33. Rb2 Rb5 34. Rxb5 Rxa2+ 35. Kg3 Kxb5 36. Re7 Kb6 37. Rxf7 Rc2 38. Rf6+ Kb5 39. Rf7 Ka6 40. Rc7 Kb6 41. Rxh7 Rxc3 42. Rg7 a5 43. Rxg6+ Kb5 44. h4 Rc8 45. Kf4 a4 46. Rg1 Ka5 47. Ke5 b5 48. d5 b4 49. d6 b3 50. d7 Rh8 51. Kd6 b2 52. Re1 Rd8 53. Re8 Rxd7+ 54. Kxd7 a3 55. Kc6 Kb4 56. Ra8 Kb3 0-1

[Event "FIN-chT 1819"]
[Site "Finland"]
[Date "2018.11.11"]
[Round "4.5"]
[White "Ahvenjarvi, Jani"]
[Black "Nevanlinna, Risto"]
[Result "1-0"]
[WhiteElo "2329"]
[BlackElo "2205"]
[PlyCount "99"]
[EventDate "2018.09.15"]
[EventType "team-tourn"]
[EventRounds "11"]
[EventCountry "FIN"]
[SourceTitle "CBM 187 Extra"]
[Source "ChessBase"]
[SourceDate "2018.11.04"]
[SourceVersion "1"]
[SourceVersionDate "2018.11.04"]
[SourceQuality "1"]
[WhiteTeam "Tampere Tammer"]
[BlackTeam "Jyvaskyla JyS"]
[WhiteTeamCountry "FIN"]
[BlackTeamCountry "FIN"]

1. e4 Nf6 2. e5 Nd5 3. d4 Nb6 4. c4 d6 5. exd6 cxd6 6. Nc3 g6 7. Be3 Bg7 8. Rc1 0-0 9. b3 N6d7 10. Nf3 Nf6 11. h3 d5 12. c5 Nc6 13. Bb5 Ne4 14. Bxc6 Nxc3 15. Rxc3 bxc6 16. 0-0 Qc7 17. Qd2 f6 18. Bh6 Bf5 19. Bxg7 Kxg7 20. Re1 Rae8 21. Rce3 Bc8 22. b4 e6 23. Qb2 Bd7 24. g3 Rb8 25. Rb3 Rb7 26. Kg2 Rfb8 27. Qc3 Qc8 28. h4 Rc7 29. g4 h6 30. g5 fxg5 31. hxg5 h5 32. Ne5 Be8 33. Qg3 Rcb7 34. Rf3 Qc7 35. a3 a5 36. bxa5 Qxa5 37. Ree3 Qc7 38. Rf6 Ra8 39. Qf4 Qe7 40. Nxc6 Qc7 41. Qxc7+ Rxc7 42. Rexe6 Bf7 43. Rd6 Rxa3 44. Nd8 Ra2 45. c6 Ra8 46. Nxf7 Rxf7 47. Rxg6+ Kf8 48. Rgf6 Rc8 49. Rxf7+ Kxf7 50. g6+ 1-0

[Event "FIN-chT 1819"]
[Site "Finland"]
[Date "2018.09.16"]
[Round "2.5"]
[White "Nevanlinna, Risto"]
[Black "Tuononen, Janne"]
[Result "1-0"]
[WhiteElo "2205"]
[BlackElo "2187"]
[PlyCount "103"]
[EventDate "2018.09.15"]
[EventType "team-tourn"]
[EventRounds "11"]
[EventCountry "FIN"]
[SourceTitle "CBM 186 Extra"]
[Source "ChessBase"]
[SourceDate "2018.08.24"]
[SourceVersion "1"]
[SourceVersionDate "2018.08.24"]
[SourceQuality "1"]
[WhiteTeam "Jyvaskyla JyS"]
[BlackTeam "Joensuu SK"]
[WhiteTeamCountry "FIN"]
[BlackTeamCountry "FIN"]

1. e4 e6 2. d4 d5 3. Nc3 Nf6 4. Bg5 Bb4 5. e5 h6 6. Be3 Ne4 7. Qg4 Kf8 8. a3 Bxc3+ 9. bxc3 c5 10. Bd3 Nxc3 11. dxc5 Nc6 12. Nf3 f5 13. Qh4 Qxh4 14. Nxh4 Kf7 15. f4 Bd7 16. Nf3 Rhd8 17. 0-0 Rac8 18. a4 Be8 19. Ra3 Ne4 20. Rb1 Na5 21. Bxe4 dxe4 22. Nd2 Bc6 23. Rb4 Rc7 24. Rd4 Rcd7 25. Rd6 Rg8 26. h4 Rc7 27. Bd4 Bd5 28. Rg3 Nc6 29. Bf2 Nb4 30. c4 Bc6 31. a5 Nd3 32. Be3 a6 33. h5 Ba4 34. Rg6 Re8 35. Rb6 Ree7 36. g4 Bd1 37. gxf5 exf5 38. c6 Bxh5 39. cxb7 Rxb7 40. Rxb7 Rxb7 41. Rxa6 Nb4 42. Rd6 Rc7 43. a6 Nc6 44. Bb6 Rc8 45. a7 Nxa7 46. Bxa7 Be2 47. Rd7+ Kf8 48. Bd4 Bxc4 49. Nxc4 Rxc4 50. e6 g5 51. Bf6 Rc6 52. Rd8# 1-0

[Event "FIN-chT 1819"]
[Site "Finland"]
[Date "2018.09.15"]
[Round "1.4"]
[White "Nevanlinna, Risto"]
[Black "Lehtosaari, Mauri"]
[Result "1/2-1/2"]
[WhiteElo "2205"]
[BlackElo "2183"]
[PlyCount "65"]
[EventDate "2018.09.15"]
[EventType "team-tourn"]
[EventRounds "11"]
[EventCountry "FIN"]
[SourceTitle "CBM 186 Extra"]
[Source "ChessBase"]
[SourceDate "2018.08.24"]
[SourceVersion "1"]
[SourceVersionDate "2018.08.24"]
[SourceQuality "1"]
[WhiteTeam "Jyvaskyla JyS"]
[BlackTeam "Kotka KymS"]
[WhiteTeamCountry "FIN"]
[BlackTeamCountry "FIN"]

1. d4 d5 2. c4 c6 3. Nf3 Nf6 4. e3 Bf5 5. Nc3 e6 6. Nh4 Bg6 7. Be2 Nbd7 8. 0-0 Be7 9. g3 Ne4 10. Nxe4 Bxe4 11. f3 Bg6 12. Nxg6 hxg6 13. Rf2 Qb6 14. b3 Bf6 15. a4 0-0 16. Ba3 Rfe8 17. Rc1 Rac8 18. Bf1 e5 19. cxd5 exd4 20. dxc6 Rxc6 21. Rxc6 bxc6 22. e4 Rb8 23. Bc4 Ne5 24. Bd6 Nxc4 25. bxc4 Re8 26. c5 Qb4 27. Kg2 Be5 28. Bxe5 Rxe5 29. Rd2 Rxc5 30. Rxd4 Rc2+ 31. Qxc2 Qxd4 32. Qxc6 Qd2+ 33. Kg1 1/2-1/2

[Event "Heart of Finland op 28th"]
[Site "Jyvaskyla"]
[Date "2018.07.22"]
[Round "9"]
[White "Nevanlinna, Risto"]
[Black "Narva, Triin"]
[Result "1/2-1/2"]
[WhiteElo "2232"]
[BlackElo "2106"]
[PlyCount "85"]
[EventDate "2018.07.16"]
[EventType "swiss"]
[EventRounds "9"]
[EventCountry "FIN"]
[SourceTitle "CBM 185 Extra"]
[Source "ChessBase"]
[SourceDate "2018.07.29"]
[SourceVersion "1"]
[SourceVersionDate "2018.07.29"]
[SourceQuality "1"]

1. d4 d6 2. e4 Nf6 3. Nc3 e5 4. Nf3 Nbd7 5. Bc4 Be7 6. 0-0 0-0 7. a4 c6 8. Ba2 a5 9. Re1 Rb8 10. h3 Qc7 11. Be3 b5 12. axb5 cxb5 13. Nd2 Ba6 14. Ne2 Nb6 15. c3 Nc4 16. Nxc4 bxc4 17. Qc2 Rb5 18. d5 Rfb8 19. Bc1 Nd7 20. Ng3 g6 21. Qe2 Nb6 22. Nf1 f5 23. exf5 gxf5 24. Bb1 Rf8 25. Qh5 Bc8 26. Ng3 e4 27. Rd1 Rf7 28. f3 Rxd5 29. Rxd5 Nxd5 30. fxe4 Qc5+ 31. Kh2 Nf6 32. Qg5+ Rg7 33. Qf4 Nxe4 34. Be3 Bg5 35. Qxe4 Qxe3 36. Qxe3 Bxe3 37. Nxf5 Bxf5 38. Bxf5 Bf4+ 39. Kg1 Rb7 40. Ra2 Bc1 41. Be6+ Kg7 42. Bxc4 Bxb2 43. Rxa5 1/2-1/2

[Event "Heart of Finland op 28th"]
[Site "Jyvaskyla"]
[Date "2018.07.21"]
[Round "8"]
[White "Meskanen, Vesa"]
[Black "Nevanlinna, Risto"]
[Result "0-1"]
[WhiteElo "2035"]
[BlackElo "2232"]
[PlyCount "58"]
[EventDate "2018.07.16"]
[EventType "swiss"]
[EventRounds "9"]
[EventCountry "FIN"]
[SourceTitle "CBM 185 Extra"]
[Source "ChessBase"]
[SourceDate "2018.07.29"]
[SourceVersion "1"]
[SourceVersionDate "2018.07.29"]
[SourceQuality "1"]

1. d4 Nf6 2. Nf3 e6 3. g3 b5 4. Bg2 Bb7 5. 0-0 c5 6. c3 Be7 7. b3 0-0 8. Bb2 Qc7 9. Nbd2 d6 10. c4 b4 11. Qc2 Nbd7 12. Rfe1 cxd4 13. Bxd4 d5 14. Qb2 Rac8 15. Rac1 Qb8 16. Ne5 Nxe5 17. Bxe5 Qa8 18. cxd5 Bxd5 19. Bxd5 Qxd5 20. Nc4 Rfd8 21. Rc2 Ng4 22. Rd2 Qc5 23. Bd4 Qh5 24. h4 Bxh4 25. Kg2 Bf6 26. Bxf6 Qh2+ 27. Kf3 Nxf6 28. Qe5 Rxd2 29. Nxd2 Qxf2+ 0-1

[Event "Heart of Finland op 28th"]
[Site "Jyvaskyla"]
[Date "2018.07.19"]
[Round "5"]
[White "Razhbadinov, Rasul"]
[Black "Nevanlinna, Risto"]
[Result "1/2-1/2"]
[WhiteElo "1432"]
[BlackElo "2232"]
[PlyCount "47"]
[EventDate "2018.07.16"]
[EventType "swiss"]
[EventRounds "9"]
[EventCountry "FIN"]
[SourceTitle "CBM 185 Extra"]
[Source "ChessBase"]
[SourceDate "2018.07.29"]
[SourceVersion "1"]
[SourceVersionDate "2018.07.29"]
[SourceQuality "1"]

1. e4 Nf6 2. e5 Nd5 3. d4 Nb6 4. Bg5 d6 5. Bd3 g6 6. Nf3 Bg7 7. exd6 cxd6 8. 0-0 0-0 9. Qd2 Nc6 10. c3 Bg4 11. Qf4 Qd7 12. h3 Be6 13. Bh6 Nd5 14. Qd2 Bxh3 15. gxh3 Qxh3 16. Bxg7 Qg4+ 17. Kh2 Nf4 18. Ne1 Qh4+ 19. Kg1 Qg4+ 20. Kh2 Qh4+ 21. Kg1 Qg4+ 22. Kh2 Qh4+ 23. Kg1 Qg4+ 24. Kh2 1/2-1/2